Нематериальное этнокультурное достояние народов России. Региональный опыт (Запись № 13672392)

Подробности
000 -МАРКЕР
контрольное поле 02626nam0a2200373 4500
001 - ИДЕНТИФИКАТОР ЗАПИСИ
контрольное поле RU\NLR\BIBL_A\022539189
005 - ИДЕНТИФИКАТОР ВЕРСИИ
контрольное поле 20260420044303.0
010 ## - МЕЖДУНАРОДНЫЙ СТАНДАРТНЫЙ НОМЕР КНИГИ (ISBN)
Номер (ISBN) 978-5-98335-058-8
Тираж 300
021 ## - НОМЕР ГОСУДАРСТВЕННОЙ РЕГИСТРАЦИИ
Код страны Российская Федерация
Номер КН-П-25-015948
Номер Листа государственной регистраци КН-П-25-1625
035 ## - ДРУГИЕ СИСТЕМНЫЕ НОМЕРА
Идентификатор записи (NLR Aleph) 022539189
100 ## - ДАННЫЕ ОБЩЕЙ ОБРАБОТКИ
Данные общей обработки 20250512d2023 u y0rusy50 ca
101 0# - ЯЗЫК РЕСУРСА
Язык текста, звукозаписи и т.д. русский
102 ## - СТРАНА ПУБЛИКАЦИИ ИЛИ ПРОИЗВОДСТВА
Страна публикации Российская Федерация
105 ## - ПОЛЕ КОДИРОВАННЫХ ДАННЫХ: ТЕКСТОВЫЕ МАТЕРИАЛЫ, МОНОГРАФИЧЕСКИЕ
Кодированные данные о монографическом текстовом документе a z 100zy
181 #0 - ПОЛЕ КОДИРОВАННЫХ ДАННЫХ: ВИД СОДЕРЖАНИЯ
Код вида содержания (ISBD) i3
Код характеристики содержания (ISBD) axxe
182 #0 - ПОЛЕ КОДИРОВАННЫХ ДАННЫХ: ТИП СРЕДСТВА
Код типа средства (ISBD) n - непосредственное
200 1# - ЗАГЛАВИЕ И СВЕДЕНИЯ ОБ ОТВЕТСТВЕННОСТИ
Основное заглавие Нематериальное этнокультурное достояние народов России. Региональный опыт
Сведения, относящиеся к заглавию материалы Всероссийского форума по вопросам деятельности в сфере нематериального этнокультурного достояния, Липецк-Красноярск 2023
Первые сведения об ответственности Министерство культуры Российской Федерации, Государственный Российский Дом народного творчества имени В. Д. Поленова
Последующие сведения об ответственности составители: И. М. Глинко, М. В. Русанова
203 ## - ВИД СОДЕРЖАНИЯ И ТИП СРЕДСТВА
Вид содержания Текст
Дополнительные сведения об издании визуальный
Тип средства непосредственный
210 ## - ПУБЛИКАЦИЯ, РАСПРОСТРАНЕНИЕ И ДР.
Место издания, распространения и т.д. Москва
Имя издателя, распространителя и т. д. ФГБУК "Государственный Российский Дом народного творчества имени В. Д. Поленова"
Дата издания, распространения и т.д. 2023
215 ## - ФИЗИЧЕСКАЯ ХАРАКТЕРИСТИКА
Специфическое обозначение материала и объем 159 с., [4] л. цв. ил.
Размеры 21
225 1# - СЕРИЯ
Основное заглавие серии Национальный проект "Культура"
225 1# - СЕРИЯ
Основное заглавие серии Национальные проекты России
Наименование части Культура
320 ## - ПРИМЕЧАНИЯ О НАЛИЧИИ В ДОКУМЕНТЕ БИБЛИОГРАФИИ / УКАЗАТЕЛЯ
Текст примечания Библиогр. в конце отд. ст. и в подстроч. примеч.
606 1# - НАИМЕНОВАНИЕ ТЕМЫ КАК ПРЕДМЕТ
Наименование темы Культурное наследие
Формальный подзаголовок Съезды, совещания и т.п
Географический подзаголовок Россия
Системный номер авторитетной/нормативной записи 2065956
Идентификатор авторитетной/нормативной записи RU\NLR\AUTH\661240498
686 1# - ИНДЕКСЫ ДРУГИХ КЛАССИФИКАЦИЙ
Индекс Т3(2)0-7я431
702 #1 - ИМЯ ЛИЦА - ВТОРИЧНАЯ ОТВЕТСТВЕННОСТЬ
Начальный элемент ввода Глинко
Часть имени, кроме начального элемента ввода И. М.
Расширение инициалов личного имени Ирина Михайловна
Код отношения Составитель
711 12 - НАИМЕНОВАНИЕ ОРГАНИЗАЦИИ - АЛЬТЕРНАТИВНАЯ ОТВЕТСТВЕННОСТЬ
Начальный элемент ввода Всероссийский форум по вопросам деятельности в сфере нематериального этнокультурного достояния
Место проведения временной организации Липецк/Красноярск
Дата проведения временной организации 2023
Системный номер авторитетной/нормативной записи 2659797
Идентификатор авторитетной/нормативной записи RU\NLR\AUTH\880627429
712 02 - НАИМЕНОВАНИЕ ОРГАНИЗАЦИИ - ВТОРИЧНАЯ ОТВЕТСТВЕННОСТЬ
Код отношения Издающая организация
Начальный элемент ввода Государственный российский дом народного творчества им. В. Д. Поленова
Идентифицирующий признак Москва
Системный номер авторитетной/нормативной записи 670524
Идентификатор авторитетной/нормативной записи RU\NLR\AUTH\880505304
942 ## - ДОПОЛНИТЕЛЬНЫЕ ЭЛЕМЕНТЫ ЗАПИСИ (АБИС)
Тип экземпляра АБИС Книга
980 ## - КОЛЛЕКЦИЯ
Название коллекции Национальная библиография

Нет доступных экземпляров.